Countries by Borders #7 - Statistics

General Stats
  • This quiz has been taken 33 times
    21 since last reset
  • The average score is 15 of 16
Answer Stats
Borders Country % Correct
Spain, France Andorra
100%
Georgia, Azerbaijan, Iran, Turkey Armenia
100%
Germany Denmark
100%
France Monaco
100%
Sweden, Russia, Finland Norway
100%
Austria, France, Germany, Italy, Liechtenstein Switzerland
100%
China, Laos, Cambodia Vietnam
100%
Lebanon, Syria, Jordan, Egypt Israel
94%
Bolivia, Argentina, Brazil Paraguay
94%
Greece, North Macedonia, Romania, Serbia, Turkey Bulgaria
88%
Côte d'Ivoire (Ivory Coast), Ghana, Togo, Benin, Niger, Mali Burkina Faso
88%
Algeria, Mauritania, Niger, Burkina Faso, Côte d'Ivoire (Ivory Coast), Guinea, Senegal Mali
88%
Benin, Burkina Faso, Ghana Togo
88%
Algeria, Chad, Egypt, Niger, Sudan, Tunisia Libya
82%
Cameroon, Central African Republic, Democratic Republic of the Congo, Angola, Gabon Republic of the Congo
82%
Kazakhstan, Uzbekistan, Afghanistan, Iran Turkmenistan
82%
No matching quizzes found
Score Distribution
Percent of People with Each Score
Percentile by Number Answered
Your Score History
You have not taken this quiz since the last reset